|
|
|
|
| LEADER |
01057nam a2200253 a 4500 |
| 001 |
4509814 |
| 008 |
100110s1999 enka b 001 0 eng d |
| 010 |
|
|
|\ \\98061793
|
| 020 |
|
|
|a 0761959335
|
| 020 |
|
|
|a 0761959343 (pbk) :
|c £13.99
|
| 040 |
|
|
|a Uk
|c Uk
|d DLC
|d BD-DhAAL
|
| 082 |
0 |
0 |
|a 320.9172/4
|2 21
|
| 100 |
1 |
|
|a Törnquist, Olle.
|
| 245 |
1 |
0 |
|a Politics and development :
|b a critical introduction /
|c Olle Törnquist.
|
| 260 |
|
|
|a London ;
|a Thousand Oaks, Calif. :
|b SAGE,
|c 1999.
|
| 300 |
|
|
|a vii, 197 p. :
|b ill. ;
|c 24 cm.
|
| 504 |
|
|
|a Includes bibliographical references and index.
|
| 541 |
1 |
|
|e 00013153
|
| 651 |
|
4 |
|a Developing countries
|x Politics and government.
|
| 651 |
|
4 |
|a Developing countries
|x Politics and government
|x Study and teaching.
|
| 650 |
|
0 |
|a Political development.
|
| 852 |
4 |
|
|a Ayesha Abed Library
|j General shelf
|
| 999 |
|
|
|c 6829
|d 6829
|
| 952 |
|
|
|0 0
|1 0
|2 ddc
|4 0
|6 320_917240000000000_TOR
|7 0
|9 7037
|a BRACUL
|b BRACUL
|c GEN
|d 2010-01-11
|l 1
|m 4
|o 320.91724 TOR
|p 3010013153
|r 2016-09-07
|s 2016-06-27
|t 1
|w 2010-01-11
|y BK
|x Price not available in Register
|